UM Logo

Holistic nursing : (Record no. 7899)

MARC details
000 -LEADER
fixed length control field 00705nam a2200193 4500
008 - FIXED-LENGTH DATA ELEMENTS--GENERAL INFORMATION
fixed length control field 171205b xxu||||| |||| 00| 0 eng d
020 ## - INTERNATIONAL STANDARD BOOK NUMBER
International Standard Book Number 0763731838
082 ## - DEWEY DECIMAL CLASSIFICATION NUMBER
Edition number 2005
Classification number DC 610.73
Item number D74h
100 ## - MAIN ENTRY--PERSONAL NAME
9 (RLIN) 24184
Personal name Dossey, Barbara Montgomery,author.
245 ## - TITLE STATEMENT
Title Holistic nursing :
Remainder of title a handbook for practice /
Statement of responsibility, etc. Barbara Montgomery Dossey, Lynn Keegan, Cathie E. Guzzetta.
250 ## - EDITION STATEMENT
Edition statement Fourth edition.
260 ## - PUBLICATION, DISTRIBUTION, ETC. (IMPRINT)
Place of publication, distribution, etc. Sudbury, Mass. :
Name of publisher, distributor, etc. Jones and Bartlett,
Date of publication, distribution, etc. ©2005.
300 ## - PHYSICAL DESCRIPTION
Extent xxix, 942 pages :
Other physical details illustrations ;
Dimensions 26 cm.
500 ## - GENERAL NOTE
General note Includes index.
650 #0 - SUBJECT ADDED ENTRY--TOPICAL TERM
9 (RLIN) 24186
Topical term or geographic name as entry element Holistic Nursing.
700 ## - ADDED ENTRY--PERSONAL NAME
9 (RLIN) 24187
Personal name Keegan, Lynn,author.
700 ## - ADDED ENTRY--PERSONAL NAME
9 (RLIN) 24188
Personal name Guzzetta, Cathie E.,author.
942 ## - ADDED ENTRY ELEMENTS (KOHA)
Source of classification or shelving scheme Dewey Decimal Classification
Koha item type Circulation
Holdings
Withdrawn status Lost status Source of classification or shelving scheme Damaged status Not for loan Collection code Home library Current library Date acquired Source of acquisition Total Checkouts Full call number Barcode Date last seen Price effective from Koha item type
    Dewey Decimal Classification     Circulation UM Digos College - LIC UM Digos College - LIC 03/15/2007 Purchased   DC 610.73 D74h 2005 18982 06/08/2021 12/05/2017 Circulation